Coaching Training /

Create made-to-order learning experiences that deliver results with Lisa Haneberg by your side. By emphasizing deep listening and empowering learners to pull coaching conversations forward, you'll help coaches build experiences that count. Coaching Training, the third book in the ATD Works...

Full description

Bibliographic Details
Main Author: Haneberg, Lisa (Author)
Corporate Author: Safari, an O'Reilly Media Company
Format: eBook
Language:English
Published: Association for Talent Development, 2015.
Edition:1st edition.
Subjects:
Online Access:Connect to this electronic resource

MARC

Tag First Indicator Second Indicator Subfields
LEADER 00000uam a2200000 a 4500
001 in00004142913
005 20260128222756.2
006 m o d
007 cr cn
008 130415s2015 xx o eng
020 |z 9781607284345 
035 |a (CaSebORM)9781607284345 
040 |d UtOrBLW 
041 0 |a eng 
100 1 |a Haneberg, Lisa,  |e author.  |0 http://id.loc.gov/authorities/names/n2005032259 
245 1 0 |a Coaching Training /  |c Haneberg, Lisa. 
250 |a 1st edition. 
264 1 |b Association for Talent Development,  |c 2015. 
300 |a 1 online resource (224 pages) 
336 |a text  |b txt  |2 rdacontent 
337 |a computer  |b c  |2 rdamedia 
338 |a online resource  |b cr  |2 rdacarrier 
347 |a text file 
520 |a Create made-to-order learning experiences that deliver results with Lisa Haneberg by your side. By emphasizing deep listening and empowering learners to pull coaching conversations forward, you'll help coaches build experiences that count. Coaching Training, the third book in the ATD Workshop Series, takes a service-oriented approach to workplace coaching. It teaches the essential skills trainers must master to give learners what they need when they need it. Each half-day, full-day, and two-day program in this volume comes with its own agenda to drive the workshop and includes online presentation slides, handouts, assessments, and tools. About the Series The ATD Workshop Series is written for trainers by trainers, because no one knows workshops as well as the practitioners who have done it all. 
533 |a Electronic reproduction.  |b Boston, MA :  |c Safari,  |n Available via World Wide Web.  |d 2015. 
538 |a Mode of access: World Wide Web. 
542 |f Copyright © 2015 Association For Talent Development  |g 2015 
588 |a Online resource; Title from title page (viewed March 30, 2015) 
500 |a Electronic resource. 
655 7 |a Electronic books.  |2 local 
710 2 |a Safari, an O'Reilly Media Company. 
856 4 0 |u https://proxy.library.tamu.edu/login?url=https://go.oreilly.com/TAMU/library/view/-/9781607284345/?ar  |z Connect to this electronic resource  |t 0 
999 f f |s f7e13720-ca45-3263-b58b-cfff81b1faf0  |i da9c60b5-1edb-3eaa-aded-5832880c4211  |t 0 
952 f f |a Texas A&M University  |b College Station  |c Electronic Resources  |s www_evans  |d Available Online  |t 0  |h No information provided 
998 f f |t 0  |l Available Online